000
00326nam a2200133Ia 4500
005
20251222155154.0
008
251222s9999||||xx |||||||||||||| ||spa||
082
_a
ETI.90
100
_a
GAFO, Javier.
245
0
_a
Problemas éticos de la manipulación genética
250
_a
2da. ed.
264
_b
San Pablo
942
_c
LIB
999
_c
39667
_d
39667